Score 0/12 Timer 04:00
2 Plays Today
Question Answer Wrong Answers
Which character was created by Stan Lee? The Hulk
86.4%
Luke Cage
9.6%
Which character was created by Stan Lee? Daredevil
82.9%
Elektra
13.2%
Which character was created by Stan Lee? The Thing
80.9%
Drax the Destroyer
15.2%
Which character was created by Stan Lee? Human Torch
76.3%
Ghost Rider
19.6%
Which character was created by Stan Lee? Doctor Doom
67.9%
Red Skull
28.2%
Which character was created by Stan Lee? Black Widow
67.3%
The Punisher
28.9%
Which character was created by Stan Lee? Doctor Octopus
66.8%
Venom
29.3%
Which character was created by Stan Lee? Nick Fury
66.2%
Deadpool
30%
Which character was created by Stan Lee? Groot
46.5%
Rocket Raccoon
49.6%
Which character was created by Stan Lee? Cyclops
40.3%
Wolverine
55.9%
Which character was created by Stan Lee? Black Panther
36.8%
Captain America
59.5%
Which character was created by Stan Lee? Galactus
35.1%
The Silver Surfer
61.1%
Remove Ads.
Support Sporcle.
Get the best of Sporcle when you Go Orange. This ad-free experience offers more features, more stats, and more fun while also helping to support Sporcle. Thank you for becoming a member.

You're not logged in!

Compare scores with friends on all Sporcle quizzes.
OR
Log In

Show Comments

Extras

Top Quizzes Today


Score Distribution

Your Account Isn't Verified!

In order to create a playlist on Sporcle, you need to verify the email address you used during registration. Go to your Sporcle Settings to finish the process.

Report this User

Report this user for behavior that violates our Community Guidelines.

Details: